Countries with the Largest Lakes - Statistics

General Stats
  • This quiz has been taken 203 times
  • The average score is 14 of 20
Answer Stats
Hint Answer % Correct
82,100 Canada
99%
United States
99%
Russia
98%
Tanzania
88%
68,870 Kenya
85%
Uganda
84%
Kazakhstan
83%
D.R.Congo
80%
371,000 Azerbaijan
78%
Turkmenistan
78%
Iran
74%
29,500 Malawi
73%
Mozambique
69%
Zambia
68%
32,600 Burundi
63%
Peru
63%
8,372 Bolivia
60%
6,405 Ethiopia
37%
8,264 Nicaragua
32%
6,200 Kyrgyzstan
31%
No matching quizzes found
Score Distribution
Percent of People with Each Score
Percentile by Number Answered
Your Score History
You have not taken this quiz